|
|
|
|
| LEADER |
00000nam0a2200000 4500 |
| 001 |
253817 |
| 005 |
20231031214603.0 |
| 010 |
|
|
|a 5319002475
|
| 020 |
|
|
|a RU
|b 89-48222
|
| 035 |
|
|
|a (RuTPU)RU\TPU\book\276232
|
| 090 |
|
|
|a 253817
|
| 100 |
|
|
|a 20140317d1989 k y0rusy5003 ca
|
| 101 |
0 |
|
|a rus
|
| 102 |
|
|
|a UA
|
| 105 |
|
|
|a y z 001zy
|
| 200 |
1 |
|
|a Диалектика объективного и субъективного в общественном развитии
|f Т. И. Ящук
|
| 210 |
|
|
|a Киев
|c Политиздат Украины
|d 1989
|
| 215 |
|
|
|a 191 с.
|
| 225 |
1 |
|
|a Диалектика
|
| 333 |
|
|
|a Исключено из фонда НТБ ТПУ
|
| 700 |
|
1 |
|a Ящук
|b Т. И.
|g Тамара Ивановна
|
| 801 |
|
0 |
|a RU
|b RuMRKP
|c 19950417
|g psbo
|
| 801 |
|
1 |
|a RU
|b 63413507
|c 20140317
|
| 801 |
|
2 |
|a RU
|b 63413507
|c 20220413
|g RCR
|
| 942 |
|
|
|c BK
|